| 000 | 00446nam a22001817a 4500 | ||
|---|---|---|---|
| 003 | CEME | ||
| 005 | 20210628202319.0 | ||
| 008 | 210309b xxu||||| |||| 00| 0 eng d | ||
| 020 | _a0-13-723602-6 | ||
| 040 | _c. | ||
| 082 | _a658.4 NEW'P | ||
| 100 |
_aNewman, W.H Mcgill, A.R Warren, E.K _959295 |
||
| 245 | _aThe process of management | ||
| 250 | _a6TH | ||
| 260 |
_aNEW JERSEY _bPRENTICE-HALL _c1987 |
||
| 300 | _a624P | ||
| 942 |
_cBK _2ddc |
||
| 999 |
_c569312 _d569312 |
||